Law of tort : (Record no. 67575)

MARC details
000 -LEADER
fixed length control field 00683nam a22001817a 4500
005 - DATE AND TIME OF LATEST TRANSACTION
control field 20120606135456.0
020 ## - INTERNATIONAL STANDARD BOOK NUMBER
International Standard Book Number 9788175345263
Terms of availability 250.00
035 ## - SYSTEM CONTROL NUMBER
System control number B-220661
037 ## - SOURCE OF ACQUISITION
Stock number DPL
Source of stock number/acquisition ENG
100 ## - MAIN ENTRY--PERSONAL NAME
Personal name Singh, S P
245 ## - TITLE STATEMENT
Title Law of tort :
Remainder of title Including compensation under the consumer protection act /
Statement of responsibility, etc by S P Singh and Indrajit P. Singh
250 ## - EDITION STATEMENT
Edition statement rprn.
260 ## - PUBLICATION, DISTRIBUTION, ETC. (IMPRINT)
Place of publication, distribution, etc New Delhi
Name of publisher, distributor, etc Universal Law Publishing Co.
Date of publication, distribution, etc 2007
300 ## - PHYSICAL DESCRIPTION
Extent liv, 376p.
Dimensions 22 cms.
700 ## - ADDED ENTRY--PERSONAL NAME
Personal name Singh, Indrajit P.
9 (RLIN) 48533
942 ## - ADDED ENTRY ELEMENTS (KOHA)
Source of classification or shelving scheme Dewey Decimal Classification
Item type English Books
Classification part 346.03
Call number suffix SIN
Holdings
Withdrawn status Lost status Not for loan Collection code Home library Current library Date acquired Cost, normal purchase price Full call number Barcode Cost, replacement price Koha item type
      Non-fiction Sarojini Nagar Sarojini Nagar 06/06/2012 250.00 346.03 SIN B-220661 250.00 English Books

© Delhi Public Library
Hit Counter
free hit counter